| 000 | 00575nam a2200181Ia 4500 | ||
|---|---|---|---|
| 008 | 100917s9999 xx 000 0 und d | ||
| 082 | _b14703 | ||
| 100 | _aइस्लामपूरकर वामनशास्त्री | ||
| 245 | _aबृहत्कथासागर भा. 5 | ||
| 260 |
_b--- _c1895 |
||
| 300 | _a397 | ||
| 365 | _b2.25 | ||
| 520 | _aकादंबरी | ||
| 630 | _aबृहत्कथासागर भा. 5 | ||
| 650 | _aकादंबरी | ||
| 730 | _aबृहत्कथासागर भा. 5 | ||
| 942 | _cBOOK | ||
| 999 |
_c620097 _d620094 |
||